Statistics for Click the Oceanian Country Shape

Click here to take the quiz!

General Stats

  • This quiz has been taken 185 times
  • The average score is 9 of 14

Answer Stats

HintAnswer% Correct
Australia
89%
Papua New Guinea
86%
New Zealand
86%
Federated States of Micronesia
74%
Nauru
72%
Solomon Islands
71%
Samoa
65%
Fiji
64%
Vanuatu
61%
Palau
51%
Kiribati
42%
Tuvalu
39%
Marshall Islands
37%
Tonga
37%

Score Distribution

Percentile by Number Answered

Percent of People with Each Score

Your Score History

You have not taken this quiz